00785nam a2200181Ia 4500003000900000008004100009040001600050080001600066111008300082245023500165260003900400300002300439650004100462650002700503650001800530700003400548700002100582IN-BaIIA211028s9999 xx 000 0 eng d cIIA Library a523.9bSTIP aMaynooth Symposium on Solar/ interplanetary intervalscMaynoothd1982 Aug. 4-6 0aSTIP Symposium on Solar/ interPlanetary intervalsbproceedings of the Maynooth Symposium on Solar/ interPlanetary intervals, held in Maynooth, Ireland, 4-6 August 1982cedited by M.A. Shea and D.F. Smart and S.M.P. McKenna-Lawlor. aIrelandbRoyal Irish Academyc1984 a[various pagings.] aAstronomy and Astrophysics thesaurus aInterPlanetary Physics aSolar Physics aMckenna-Lawlor, S. M. P., ed. aShea, M. A., ed.